Countries Closest to Central African Republic - Statistics

General Stats
  • This quiz has been taken 87 times
  • The average score is 17 of 20
Answer Stats
km country miles % Correct
0 Dem Rep Congo 0
99%
0 Congo 0
98%
701 Niger 436
94%
0 South Sudan 0
93%
0 Sudan 0
93%
316 Nigeria 196
90%
0 Chad 0
88%
0 Cameroon 0
87%
735 Kenya 456
83%
681 Ethiopia 423
82%
232 Gabon 144
81%
751 Rwanda 466
81%
414 Uganda 257
80%
864 Burundi 537
77%
462 Equatorial Guinea 287
77%
1252 Egypt 778
76%
959 Libya 596
74%
755 Tanzania 469
73%
824 Angola 512
70%
889 São Tomé and Príncipe 552
61%
No matching quizzes found
Score Distribution
Percent of People with Each Score
Percentile by Number Answered
Your Score History
You have not taken this quiz